=LDR 00000nam 2200000 4500 =001 INLIS000000000020936 =005 20130612115837 =008 ***********************************Ind** =035 ##$$0010-061300000020936 =041 ##$$a Ind =082 ##$$a 801.951 02 =090 ##$$a 801.951 02, Jes g =245 ##$$a Jessie rittenhouse a centemary memoir anthology] =260 ##$$a 1969 $b London =300 ##$$a 49 hlm, ilus, 21 cm =650 ##$$a Puisi-Bunga Ramapi =850 ##$$a NBPNMAT